| 000 | 00438nam a2200169Ia 4500 | ||
|---|---|---|---|
| 003 | LK-CoDNM | ||
| 008 | 010623t1927 xxu||||| |||| 00| 1 sin d | ||
| 040 |
_aLK-CoDNM _dLK-CoDNM _eLK-CoDNM |
||
| 041 | _asin | ||
| 080 | _a104 B 6 | ||
| 100 |
_aAmarasingha,F.M. _eed. |
||
| 245 | _aමහියංගන වන්දනා | ||
| 246 | _aMahiyangana Vandana | ||
| 260 |
_bP.H Viliyam _aPanadure _c1927 |
||
| 300 | _b6p, 21 cm | ||
| 942 | _cBK | ||
| 999 |
_c94126 _d94126 |
||